00615cam a22001813a 450000100060000000300060000600500170001200800410002904000150007004200070008510000390009224501520013126000290028350600300031251600200034283000290036285600420039140873PGUSA20140828083920.0120927s2012||||xxu|||||s|||||000 | eng d aPGUSAbeng adc1 aHulbert, Archer Butler,d1873-193310aHistoric Highways of America (Vol. 1) :bPaths of the Mound-Building Indians and Great Game Animalsh[electronic resource] /cArcher Butler Hulbert bProject Gutenberg,c2012 aPublic domain in the USA. aElectronic text 0aProject Gutenbergv4087340uhttp://www.gutenberg.org/ebooks/40873